000 00955nam a2200325Ia 4500
999 _c1325
_d1325
001 ocn858272585
003 OCoLC
005 20210625091722.0
008 130916s2013 onca 001 0 eng d
016 _a20129046892
020 _a9781259072994
020 _a1259072991
020 _a9780070401099
020 _a0070401098
035 _a(OCoLC)858272585
_z(OCoLC)802054754
_z(OCoLC)892198094
040 _aCPV
_beng
_cCPV
_dOCLCO
_dNLC
_dUOH
050 _aQA184.2
_b.N53 2013
090 _aQA184 .N53 2013
100 1 _aNicholson, W. Keith.
245 1 0 _aLinear algebra with applications /
_cW. Keith Nicholson.
250 _a7th ed.
260 _a[Toronto] :
_bMcGraw-Hill Ryerson Ltd.,
_c2013.
300 _ax, 582 p. :
_bill. ;
_c26 cm.
500 _a"McGraw-Hill international edition"--Cover.
500 _aIncludes index.
650 0 _aAlgebras, Linear
_vTextbooks.
907 _a.b35329129
942 _2lcc
_cBK
_nJE